Argentina. (Record no. 51467)

MARC details
000 -LEADER
fixed length control field 00706cam a22002411 4500
001 - CONTROL NUMBER
control field pa 61000040
003 - CONTROL NUMBER IDENTIFIER
control field DLC
005 - DATE AND TIME OF LATEST TRANSACTION
control field 20260227111855.0
008 - FIXED-LENGTH DATA ELEMENTS--GENERAL INFORMATION
fixed length control field 770620s1961 dcua b 000 0 eng c
010 ## - LIBRARY OF CONGRESS CONTROL NUMBER
LC control number pa 61000040
035 ## - SYSTEM CONTROL NUMBER
System control number (OCoLC)3054622
040 ## - CATALOGING SOURCE
Original cataloging agency Pan American Union. Library
Transcribing agency TNJ
Modifying agency OCoLC
-- DLC
041 1# - LANGUAGE CODE
Language code of text/sound track or separate title eng
Language code of original und
042 ## - AUTHENTICATION CODE
Authentication code premarc
050 00 - LIBRARY OF CONGRESS CALL NUMBER
Classification number N6635
Item number .M8
100 2# - MAIN ENTRY--PERSONAL NAME
Personal name Mujica Láinez, Manuel,
Dates associated with a name 1910-
245 00 - TITLE STATEMENT
Title Argentina.
Statement of responsibility, etc. [English translation by William McLeod Rivera]
260 ## - PUBLICATION, DISTRIBUTION, ETC.
Place of publication, distribution, etc. Washington,
Name of publisher, distributor, etc. Pan American Union,
Date of publication, distribution, etc. 1961.
300 ## - PHYSICAL DESCRIPTION
Extent 74 p.
Other physical details illus.
Dimensions 18 cm.
440 #0 - SERIES STATEMENT/ADDED ENTRY--TITLE
Title Art in Latin America today
504 ## - BIBLIOGRAPHY, ETC. NOTE
Bibliography, etc. note Bibliography: p. 72-74.
650 #0 - SUBJECT ADDED ENTRY--TOPICAL TERM
Topical term or geographic name entry element Art, Argentine.

No items available.

Powered by Koha